Los ojos del basilisco (Registro nro. 14879)

Detalles MARC
000 -CABECERA
Longitud fija campo de control 00420nam a2200169 a 4500
003 - • IDENTIFICADOR DELl NÚMERO DE CONTROL
Identificador del número de control CO-ViMGA
008 - • CÓDIGOS DE INFORMACIÓN DE LONGITUD FIJA
Códigos de información de longitud fija 141112s2004 ck r 000 u spa d
040 ## - FUENTE DE LA CATALOGACIÓN
Centro catalogador de origen CO-ViMGA
Lengua de catalogación spa
Centro transcriptor CO-ViMGA
082 04 - • NÚMERO DE LA CLASIFICACIÓN DECIMAL DEWEY
Número de clasificación (R) Co863.44 E764o
100 1# - • PUNTO DE ACCESO PRINCIPAL-NOMBRE DE PERSONA
Nombre de persona Espinosa, Germán
245 10 - • TITULO PROPIAMENTE DICHO
Título Los ojos del basilisco
300 ## - • DESCRIPCIÓN FÍSICA
Extensión 214 p
650 14 - • PUNTO DE ACCESO ADICIONAL DE MATERIA - TÉRMINO DE MATERIA
Término de materia o nombre geográfico como elemento inicial NOVELA COLOMBIANA
942 ## - ENTRADA DE ELEMENTOS AGREGADOS (KOHA)
Fuente de clasificaión o esquema Dewey Decimal Classification
Koha [por defecto] tipo de item LIbro
Existencias
Perdido Fuente de clasificación o esquema Estado Físico No para préstamo Forma de adquisición Localización permanente Localización actual Fecha adquisición Serie de enumeración / cronolog&íacute;a Préstamos totales Signatura completa Código de barras Fecha última consulta Número de copia Fecha del precio de reemplazo Tipo de item de Koha Localización en estanterías
  Dewey Decimal Classification     Colección General Biblioteca Pública Lejanias Biblioteca Pública Lejanias 02/09/2026     Co863.44 E764o LEJ02292 02/09/2026 Ej.1 02/09/2026 LIbro General
  Dewey Decimal Classification     Sala General Segundo Piso Biblioteca Pública Germán Arciniegas - Villavicencio Biblioteca Pública Germán Arciniegas - Villavicencio 12/04/2015 Volumen. 1 | 11/jun/2009   Co863.44 E764o 2809 12/04/2015 Ej. 1 12/04/2015 LIbro  
  Dewey Decimal Classification     Colección General Biblioteca Pública Uribe - Reinerio Arenas Biblioteca Pública Uribe - Reinerio Arenas 10/01/2024     A-N ESP URI01539 10/01/2024 Ej.1 10/01/2024 Libro Literatura Literatura









Instituto Departamental de Cultura del Meta - Red Departamental de Bibliotecas Públicas del Meta.